New dawn for planning (Record no. 117368)

MARC details
000 -LEADER
fixed length control field 01172cam a2200229 4500
001 - CONTROL NUMBER
control field WB4019-15
008 - FIXED-LENGTH DATA ELEMENTS--GENERAL INFORMATION
fixed length control field 040518n2004 000 0 eng u
035 ## - SYSTEM CONTROL NUMBER
System control number (Sirsi) u126225
245 ## - TITLE STATEMENT
Title New dawn for planning
260 ## - PUBLICATION, DISTRIBUTION, ETC.
Date of publication, distribution, etc. 2004
490 ## - SERIES STATEMENT
Series statement RICS News Service
Volume/sequential designation 14 May 2004 (2)
520 ## - SUMMARY, ETC.
Summary, etc. Gives details of the new Planning and Compulsory Purchase Act 2004. This will lead to a more flexible and responsive planning system in England. The act includes, simpler planning at regional and local level and improvements to the development control process by introducing powers to introduce standard application forms. There are ways of speeding up the processes for major infrastructure projects by allowing different elements of inquiries to he heard concurrently rather than consecutively. For the RICS news item: http://www.rics.org/ricscms/bin/show?class=News&te mplate=/includes/shownews.html&id=8937
590 ## - LOCAL NOTE (RLIN)
Local note WB
590 ## - LOCAL NOTE (RLIN)
Local note WB
650 ## - SUBJECT ADDED ENTRY--TOPICAL TERM
Topical term or geographic name entry element PLANNING AND COMPULSORY PURCHASE ACT 2004
650 ## - SUBJECT ADDED ENTRY--TOPICAL TERM
Topical term or geographic name entry element PLANNING SYSTEM
650 ## - SUBJECT ADDED ENTRY--TOPICAL TERM
Topical term or geographic name entry element REGIONAL PLANNING
650 ## - SUBJECT ADDED ENTRY--TOPICAL TERM
Topical term or geographic name entry element PLANNING AID
650 ## - SUBJECT ADDED ENTRY--TOPICAL TERM
Topical term or geographic name entry element DEVELOPMENT CONTROL
690 ## - LOCAL SUBJECT ADDED ENTRY--TOPICAL TERM (OCLC, RLIN)
Topical term or geographic name as entry element PLANNING
942 ## - ADDED ENTRY ELEMENTS (KOHA)
Suppress in OPAC 0
Holdings
Withdrawn status Lost status Source of classification or shelving scheme Damaged status Not for loan Home library Current library Shelving location Date acquired Total Checkouts Full call number Barcode Date last seen Copy number Price effective from Koha item type
    Dewey Decimal Classification     London London News article 18/05/2004   WB4019-15 126225-1001 06/08/2019 1 06/08/2019 News article